Lord of the Rings by letter - H - Statistics

General Stats
  • This quiz has been taken 991 times
  • The average score is 7 of 11
Answer Stats
Hint Answer % Correct
Frodo, Sam, Merry, Pippin and Bilbo are ....... Hobbits
98%
The town in which Frodo and Sam live Hobbiton
89%
The Battle between Sarumans Uruk-Hai and Rohan is called the Battle of Helms Deep
87%
Elf who the Fellowship meets in Lothlorien, and in the movies helps at the Battle of Helms Deep Haldir
81%
Country of the previous answer Harad
70%
Southern folk famous for its Oliphaunts Haradrim
62%
These Houses are located in Minas Tirith. Faramir, Eowyn and Merry lay here. Houses of Healing
56%
Amon Hen is also known as the Hill of Sight
45%
Amon Lhaw is also known as the Hill of Hearing
43%
Silent Ents who don't move much, they comprise the majority of Ents Huorns
38%
Ranger who is slain in the battle of the Pelennor Fields Halbarad
25%
No matching quizzes found
Score Distribution
Percent of People with Each Score
Percentile by Number Answered
Your Score History
You have not taken this quiz